| 000 | 00791nam a2200205Ii 4500 | ||
|---|---|---|---|
| 003 | JO-AjNU | ||
| 008 | 230605s9999||||xx |||||||||||||| ||und|| | ||
| 017 | _a2011/2/799 | ||
| 040 |
_aJO-AjNU _bara _erda _cJO-AjNU |
||
| 041 | _aara | ||
| 050 | 1 | 4 | _aDS154 2011 |
| 100 | 3 |
_aتاليف الزبن، غدير برنس عضوب, _eauthor _950371 |
|
| 245 | 0 | 0 | _aتحليل محتوى خطابات الملك الحسين بن طلال في فترات الحرب والسلم مع اسرائيل |
| 264 | 3 | 1 | _aعمان: المؤلف، 2011 |
| 300 | _a208ص | ||
| 336 |
_atext _btxt _2rdacontent |
||
| 337 |
_aunmediated _bn _2rdamedia |
||
| 338 |
_avolume _bnc _2rdacarrier |
||
| 650 | 4 |
_aالاردن - تاريخ - عهد الملك الحسين بن طلال 1952-1999 - خطابات _950372 |
|
| 999 |
_aA22185 _c25753 _d25753 |
||